Дело о высочайшем соизволении на постановку в новом здании цирка, при открытии его, пьесы, написанной надворным советником Кони ...

RUSMARC
00005601cbc2a2200000#x 450
001eddc2657-28e0-4450-9a8a-b7d4d7b23dfb
00520200115170453.0
100##$a20170704l18481848k l0rusy0189 ca
1010#$arus
102##$aRU
2001#$aДело о высочайшем соизволении на постановку в новом здании цирка, при открытии его, пьесы, написанной надворным советником Кони "Архип Осипов или русская крепость"
$j13-17 мая 1848 г.
251##$cДело
300##$aПо Канцелярии директора за 1848 год
300##$aРукописный текст. Чернила
801#0$aRU
$bРГИА
$c20170704
801#1$aRU
$bГлавНИВЦ
$c20170704
$2rusmarc
801#2$aRU
$bПБ им. Б.Н. Ельцина
$c20181228
$gRCR
$2rusmarc
850##$aФедеральное казенное учреждение "Российский государственный исторический архив" (РГИА)
852##$aРГИА
$j11905
937##$hРГИА
$d12247704
$aASBIBLIO_SCAN
462#0$1001dd3991dc-24e1-42ec-8838-ca4255420416
$12001
$a1746-1850 гг.
$vД. 11905
$1251
$cОпись
$1852
$j1
461#0$10019264ebf8-de62-4f1a-9eb4-9f22098dbbd5
$12001
$aДирекция императорских театров МИДв
$1251
$cФонд
$1852
$j497
215##$a6 листов
$d36,5х26 см
371##$aДокумент не является опубликованным и широко распространяемым
105##$ay###
1222#$ad18480513##
$ad18480517##
035##$aeddc2657-28e0-4450-9a8a-b7d4d7b23dfb
856##$uhttp://readingroom.main.prlib.ru/item.aspx?id_node=n122623821&mode=full
600#1$2nlr_sh
$3RU\NLR\AUTH\661598510
$aКони
$bФ. А.
$gФедор Алексеевич
$f1809 - 1879
$xи театр
$jДокументы и материалы
600#1$aОсипов
$bА.О.
$gАрхип Осипович
$f1802-1840
$jДокументы и материалы
$2prlib_sh
$3LIBNET\UAF\0000087055
60101$2prlib_sh
$3LIBNET\UAF\0000083916
$aРоссия
$bДирекция императорских театров
$jДокументы и материалы
686##$2rubbk
$a63.3(2)521-7
$vLBC/M
686##$a85.33
$vLBC/M
$2rubbk
605##$2acquisition_Prlib
$3LIBNET\UAF\0000080478
$aГод театра в России
$lколлекция
605##$2acquisition_Prlib
$3DITM\AF\0000004166
$aРоссия в лицах
$lколлекция
Формат отображения